Представление документа в формате RUSMARC

ПолеНазваниеЗначение
  Тип записи a
  Библиографический уровень a
001 Контрольный номер RU/CBS_UL/BASE/28297ab1c62e4bccafb5a0e16eed2b34
005 Дата корректировки 20260409140642.9
100 Данные общей обработки __
a Данные общей обработки 20260409 ||| 0rusy0189 ca
101 Язык документа 0_
a Язык текста rus
102 Страна публикации __
a Страна публикации RU
200 Заглавие и сведения об ответственности 1_
a Заглавие Воскресение Христово
e Сведения, относящиеся к заглавию [история светлой Пасхи]
f Первые сведения об ответственности О. Шомахова
300 Общие примечания __
a Общие примечания 6+
461 Уровень набора _0
1 2000
a Саша и Даша
463 Уровень физической единицы _0
1 2000
a № 4
v С. 4-5
1 2101
d 2026
1 001RU/CBS_UL/BASE/4a5a118933044a858f0b11478877ca4a
606 Тематические рубрики 0_
a Основная рубрика Пасха, праздник - История
610 Ключевые слова 0_
a Ключевые слова православные праздники; Пасха (праздники); история праздника; история православия; православие; церковные праздники; окрашивание яиц; пасхальная кухня; пасхальные блюда; пасхальные традиции
686 Индексы других классификаций __
a Классификационный индекс 86.372-52
700 Автор _1
a Фамилия Шомахова
b Имя (инициалы) О.
801 Источник записи _0
a Страна RU
b Организация МБУК ЦБС г. Ульяновска
c Дата составления 20260409
g Правила каталогизации RCR
801 Источник записи _1
a Страна RU
b Организация МБУК ЦБС г. Ульяновска
c Дата составления 20260409
g Правила каталогизации RCR
901 Тип документа __
t Тип документа b
w Контрольный № источника RU/CBS_UL/BASE/4a5a118933044a858f0b11478877ca4a
909 Создатель записи __
a Создатель записи mbo